| 000 | 00428nam a2200133 a 4500 | ||
|---|---|---|---|
| 001 | 000036848 | ||
| 005 | 20200930075956.0 | ||
| 008 | 120202s1958 dr 000 0 spa d | ||
| 040 |
_aDO-SdBNP _bspa _cBNPHU |
||
| 100 | 1 |
_aVitier, Medardo, _d1886-1960. _963198 |
|
| 245 | 1 | 0 |
_aKant : _biniciación en su filosofía / _cMedardo Vitier. |
| 260 |
_aLa Habana : _bDepartamento de Relaciones Culturales, _c1958. |
||
| 300 |
_a195 p. ; _c21 cm. |
||
| 999 |
_c36339 _d36339 |
||